000
00284nam a2200121 a 4500
008
100914s1970|||| d
245
1
0
_a
Milánsky exkomunikátor
100
1
_a
Déry, Tibor
260
_b
Tatran
_a
Bratislava
_c
1970
020
_c
17,60
044
_a
xo
_c
SK
041
_a
slo
999
_c
10317
_d
10317